[Event "POR-ch (Women)"]
[Site "Vila Nova de Foz Coa"]
[Date "2011.07.03"]
[Round "3.2"]
[White "Pintor, Ariana Maciel Abran"]
[Black "Coimbra, Margarida Goncalves"]
[Result "0-1"]
[WhiteElo "2095"]
[BlackElo "2113"]
[PlyCount "116"]
[EventDate "2011.07.02"]
[EventType "swiss"]
[EventRounds "6"]
[EventCountry "POR"]
[SourceTitle "EXT 2012"]
[Source "ChessBase"]
[SourceDate "2011.11.24"]
[SourceVersion "1"]
[SourceVersionDate "2011.11.24"]
[SourceQuality "1"]

1. e4 e5 2. Nf3 Nc6 3. Bb5 a6 4. Bxc6 dxc6 5. 0-0 Bd6 6. d4 exd4 7. Qxd4 f6 8. Be3 Ne7 9. Nc3 Be6 10. Qd2 Qd7 11. Nd4 0-0-0 12. Rad1 f5 13. Qc1 Ng6 14. exf5 Bxf5 15. Bg5 Rde8 16. Nxf5 Qxf5 17. Rfe1 Bc5 18. Qd2 Rxe1+ 19. Rxe1 h6 20. Be3 Rd8 21. Qe2 Re8 22. Nd1 Qe4 23. Nc3 Qf5 24. Qd3 Qxd3 25. cxd3 Nf4 26. Kf1 Bxe3 27. Rxe3 Rxe3 28. fxe3 Nxd3 29. b3 Kd7 30. Ke2 Ne5 31. e4 Kd6 32. Ke3 g5 33. Kd4 c5+ 34. Ke3 c6 35. h3 b5 36. Ne2 Nf7 37. Nc1 Nd8 38. Nd3 Ne6 39. g3 a5 40. Nb2 Nf8 41. Nd3 Nd7 42. Nf2 Ne5 43. Nd1 c4 44. Nc3 cxb3 45. axb3 Kc5 46. Na2 Nd7 47. Kd3 Nb6 48. Kc3 b4+ 49. Kd3 a4 50. bxa4 Nxa4 51. Nc1 Kb5 52. e5 Nc5+ 53. Kd4 Ne6+ 54. Kd3 c5 55. Ke4 Kc4 56. Kf5 Nd4+ 57. Kf6 b3 58. Nxb3 Kxb3 0-1